000 00770nam a2200229 i 4500
001 118884
003 ES-MaACL
005 20240121130702.0
008 211228s2012 sp a 001 0 spa
020 _a978-84-9948-642-0
080 _a725.85/.89
100 1 _aLópez González, Cándido.
_9173912
245 1 3 _aEl espacio deportivo a cubierto :
_bforma y lugar /
_cCándido López.
260 _aSan Vicente (Alicante) :
_bClub Universitario,
_c[2012]
300 _a368, LVI p. :
_bil., planos ;
_c27 cm.
500 _aGlosario.
504 _aBibliografía: p. XVII-XXX.
650 4 _aInstalaciones deportivas.
_9173941
852 4 _aES-MaACL
_jA-14817
_9123326
_bR.152334
_cDEPO1
_dOlim: N-7817
_hDonacion: Editorial
942 _2udc
999 _c118884
_d118884